书目信息 |
| 题名: |
华盛顿选集
|
|
| 作者: | 华盛顿 , Washington 著 ;聂崇信 译 | |
| 分册: | ||
| 出版信息: | 北京 商务印书馆 1983 |
|
| 页数: | 378页 | |
| 开本: | 21cm | |
| 丛书名: | ||
| 单 册: | ||
| 中图分类: | K712.4 , D771.209 | |
| 科图分类: | ||
| 主题词: | 政治--美国--1732~1799--文集 , 政治 | |
| 电子资源: | ||
| ISBN: | ||
| 000 | 00843nam0 2200301 45 | |
| 001 | 0183002730 | |
| 005 | 20040425093301.5 | |
| 010 | @dCNY1.60 | |
| 091 | @a3017.347 | |
| 100 | @a19950421d1983 emky0chiy0121 ea | |
| 101 | 1 | @achi@ceng |
| 102 | @aCN@b110000 | |
| 105 | @ay z 000yy | |
| 106 | @ar | |
| 200 | 10 | @a华盛顿选集@Ahua sheng dun xuan ji@f(美)华盛顿(G.Washington)著@g聂崇信等译 |
| 210 | @a北京@c商务印书馆@d1983 | |
| 215 | @a378页@d21cm | |
| 600 | 1 | @a华盛顿@bG.@x选集 |
| 606 | @a政治@y美国@z1732~1799@x文集 | |
| 606 | 0 | @a政治 |
| 690 | @aK712.4@v3 | |
| 690 | @aD771.209@v3 | |
| 701 | 1 | @a华盛顿@Ahua sheng dun@bG.@4著 |
| 701 | A1 | @aWashington@bG.@4著 |
| 702 | 0 | @a聂崇信@Anie chong xin@4译 |
| 801 | 0 | @aCN@b上海图书馆@c20031225 |
| 801 | 2 | @aCN@bNLC@c20031225 |
| 905 | @dD771.209@e58@f2@b177929-930@f1@b102083 | |
| 华盛顿选集/(美)华盛顿(G.Washington)著/聂崇信等译.-北京:商务印书馆,1983 |
| 378页;21cm |
| ISBN :CNY1.60 |
| ● |
| 相关链接 |
|
|
|
|
正题名:华盛顿选集
索取号:D771.209/58
 
预约/预借
| 序号 | 登录号 | 条形码 | 馆藏地/架位号 | 状态 | 备注 |
| 1 | 0102082 | 001860748 | 密集书库/ [索取号:D771.209/58] | 在馆 | |
| 2 | 0102083 | 001014994 | 第一样本阅览室/ [索取号:D771.209/58] | 在馆 | |
| 3 | 0177929 | 001015001 | 密集书库/ [索取号:D771.209/58] | 在馆 | |
| 4 | 0177930 | 001015010 | 第一借阅区/ [索取号:D771.209/58] | 在馆 |